000 02251cam a2200313 4500500
005 20260329011208.0
041 _afre
042 _adc
100 1 0 _aIde, Pascal
_eauthor
245 0 0 _aAu-delà des clivages : pour une typologie théologique des appartenances catholiques en France
260 _c2025.
500 _a43
520 _aL’article propose une typologie théologique des groupes d’appartenance dans l’Église catholique en France. Habituellement, ils sont répartis de manière binaire, conservateurs et progressistes. Raison du Cleuziou affine ces distinctions dans une quadripartition. Ces classifications trop sociologiques gagnent en profondeur ecclésiologique, donc théologique, grâce à une relecture d’Henri de Lubac. Partant de son observation selon laquelle intégrisme et progressisme trouvent leur réponse dans la mystique, l’article distribue les « cathos » en trois idéaux-types en vue non de les opposer, mais de les intégrer : conservatisme, progressisme et spiritualisme.
520 _aThis article proposes a theological typology of affiliation groups within the Catholic Church in France. These groups are usually divided into two categories: conservative and progressive. Raison du Cleuziou refines these distinctions into a four-part classification. These overly sociological classifications gain ecclesiological, and therefore theological, depth thanks to a reinterpretation by Henri de Lubac. Based on Lubac’s observation that fundamentalism and progressivism find their answer in mysticism, the article divides Catholics into three ideal types, not to oppose them, but to integrate them: conservatism, progressivism, and spiritualism.
690 _aÉglise
690 _aHenri de Lubac
690 _aProgressisme
690 _aSociologie
690 _aSpiritualisme
690 _aTraditionalisme
690 _aChurch
690 _aHenri de Lubac
690 _aProgressivism
690 _aSociology
690 _aSpiritualism
690 _aTraditionalism
786 0 _nNouvelle revue théologique | 148 | 1 | 2025-12-09 | p. 63-84 | 0029-4845
856 4 1 _uhttps://shs.cairn.info/revue-nouvelle-revue-theologique-2025-5-page-63?lang=fr&redirect-ssocas=7080
999 _c1859501
_d1859501